| 000 | 00614nam a2200181Ia 4500 | ||
|---|---|---|---|
| 003 | GCL | ||
| 008 | 140319s9999 xx 000 0 ara d | ||
| 040 |
_aGCL / _cGCL |
||
| 082 | 0 | 4 |
_a214.6 _bع ع |
| 245 | 1 | 0 |
_aالعصر التكنولوجى والاسلام : _bدراسة نقدية |
| 260 |
_aبيروت : _bالمؤسسة الجامعية للدراسات والنشر والتوزيع ، _c1986 |
||
| 300 |
_a72 ص ؛ _c18 سم |
||
| 650 | 0 | 4 | _aالاسلام |
| 650 | 0 | 4 | _aالاسلام والعلم |
| 650 | 0 | 4 | _aالثقافة الاسلامية |
| 650 | 0 | 4 | _aالتكنولوجيا |
| 942 |
_2ddc _cBK |
||
| 999 |
_c1026 _d1026 |
||